000
00287nam a2200121Ia 4500
008
190216s9999||||xx |||||||||||||| ||und||
100
_a
Koul Mn
245
0
_a
Fundamentals Of Physical Geography
260
_b
Ncrt - Newdelhi
_c
2002
300
_a
142
650
_a
Geography
942
_c
REF
999
_c
36700
_d
36700